LEADER 03554nam 2200685Ia 450 001 9910451039503321 005 20210603204035.0 010 $a1-281-12546-6 010 $a9786611125462 010 $a0-226-14400-3 024 7 $a10.7208/9780226144009 035 $a(CKB)1000000000411228 035 $a(EBL)408589 035 $a(OCoLC)476229779 035 $a(SSID)ssj0000251800 035 $a(PQKBManifestationID)11206770 035 $a(PQKBTitleCode)TC0000251800 035 $a(PQKBWorkID)10175753 035 $a(PQKB)11556014 035 $a(StDuBDS)EDZ0000119067 035 $a(MiAaPQ)EBC408589 035 $a(DE-B1597)524364 035 $a(OCoLC)1055416647 035 $a(DE-B1597)9780226144009 035 $a(Au-PeEL)EBL408589 035 $a(CaPaEBR)ebr10210003 035 $a(CaONFJC)MIL112546 035 $a(EXLCZ)991000000000411228 100 $a20021114d2003 uy 1 101 0 $aeng 135 $aurun#---|u||u 181 $ctxt 182 $cc 183 $acr 200 14$aThe story of Sapho$b[electronic resource] /$fMadeleine de Scude?ry ; translated and with an introduction by Karen Newman 210 $aChicago $cUniversity of Chicago Press$d2003 215 $a1 online resource (189 p.) 225 1 $aThe other voice in early modern Europe 300 $aDescription based upon print version of record. 311 0 $a0-226-14399-6 311 0 $a0-226-14398-8 320 $aIncludes bibliographical references (p. 145-155). 327 $tFront matter --$tCONTENTS --$tAcknowledgments --$tSeries Editors' Introduction --$tVolume Editor's Introduction --$tThe Story of Sapho --$tThe Twentieth Harangue from Les femmes illustres; ou, Les harangues hérö?ques --$tVolume Editor's Bibliography --$tSeries Editors' Bibliography 330 $aRidiculed for her Saturday salon, her long romance novels, and her protofeminist ideas, Madeleine de Scudéry (1607-1701) has not been treated kindly by the literary establishment. Yet her multivolume novels were popular bestsellers in her time, translated almost immediately into English, German, Italian, Spanish, and even Arabic. The Story of Sapho makes available for the first time in modern English a self-contained section from Scudéry's novel Artamène ou le Grand Cyrus, best known today as the favored reading material of the would-be salonnières that Molière satirized in Les précieuses ridicules. The Story tells of Sapho, a woman writer modeled on the Greek Sappho, who deems marriage slavery. Interspersed in the love story of Sapho and Phaon are a series of conversations like those that took place in Scudéry's own salon in which Sapho and her circle discuss the nature of love, the education of women, writing, and right conduct. This edition also includes a translation of an oration, or harangue, of Scudéry's in which Sapho extols the talents and abilities of women in order to persuade them to write. 410 0$aOther voice in early modern Europe. 606 $aFrench literature$y17th century$vTranslations into English 606 $aWomen$zFrance$xSocial conditions$y17th century$vFiction 608 $aElectronic books. 615 0$aFrench literature 615 0$aWomen$xSocial conditions 676 $a843/.7 700 $aScude?ry$b Madeleine de$f1607-1701.$0403267 701 $aNewman$b Karen$f1949-$0887391 801 0$bMiAaPQ 801 1$bMiAaPQ 801 2$bMiAaPQ 906 $aBOOK 912 $a9910451039503321 996 $aThe story of Sapho$92216440 997 $aUNINA LEADER 02520nam 2200589Ia 450 001 9910788983403321 005 20230725050401.0 010 $a1-282-65065-3 010 $a9786612650659 010 $a1-4438-1880-1 035 $a(CKB)3390000000009121 035 $a(EBL)1107193 035 $a(OCoLC)823720619 035 $a(SSID)ssj0000438227 035 $a(PQKBManifestationID)12210649 035 $a(PQKBTitleCode)TC0000438227 035 $a(PQKBWorkID)10466656 035 $a(PQKB)10868714 035 $a(MiAaPQ)EBC1107193 035 $a(Au-PeEL)EBL1107193 035 $a(CaPaEBR)ebr10644506 035 $a(CaONFJC)MIL265065 035 $a(OCoLC)551122659 035 $a(FINmELB)ELB142667 035 $a(EXLCZ)993390000000009121 100 $a20100614d2010 uy 0 101 0 $aeng 135 $aur|n|---||||| 181 $ctxt 182 $cc 183 $acr 200 10$aIntellectuals and the ideological hijacking of Fine Gael, 1932-1938$b[electronic resource] /$fEugene Broderick 210 $aNewcastle Upon Tyne $cCambridge Scholars Pub.$d2010 215 $a1 online resource (168 p.) 300 $aDescription based upon print version of record. 311 $a1-4438-1842-9 320 $aIncludes bibliographical references and index. 327 $aTABLE OF CONTENTS; ACKNOWLEDGEMENTS; INTRODUCTION; CHAPTER ONE; CHAPTER TWO; CHAPTER THREE; CHAPTER FOUR; CHAPTER FIVE; CHAPTER SIX; CONCLUSION; BIBLIOGRAPHY; INDEX 330 $aThis book covers a unique, yet virtually ignored episode in Irish history-the efforts by intellectuals to influence and shape in a radical way the policies and direction of a major political party. Between 1932 and 1934, Michael Tierney and James Hogan, both university academics, exploited the opportunity offered by the formation of the Blueshirts and Fine Gael to promote their views for an alternative social, economic and political order. This order was inspired by Catholic social teachings,... 606 $aPolitical participation$zIreland$xHistory$y20th century 607 $aIreland$xPolitics and government$y1922-1949 607 $aIreland$xIntellectual life$y20th century 615 0$aPolitical participation$xHistory 676 $a941.50822 700 $aBroderick$b Eugene$01541190 801 0$bMiAaPQ 801 1$bMiAaPQ 801 2$bMiAaPQ 906 $aBOOK 912 $a9910788983403321 996 $aIntellectuals and the ideological hijacking of Fine Gael, 1932-1938$93793234 997 $aUNINA